[Event "Aktiv-Alliancen 2000"]
[Site "Taastrup"]
[Date "2000.01.28"]
[Round "4"]
[White "Jensen, Soren G"]
[Black "Christensen, Aage"]
[Result "1-0"]
[WhiteElo "2161"]
[BlackElo "1506"]
[PlyCount "85"]
[EventDate "2000.??.??"]


1. d4 Nf6 2. c4 g6 3. Nc3 d5 4. Nf3 Bg7 5. Qb3 dxc4 6. Qxc4 O-O 7. e4 b6 8. Bf4
Ba6 9. Qxc7 Bxf1 10. Qxd8 Rxd8 11. Rxf1 Nc6 12. d5 Nb4 13. O-O-O Rac8 14. Kb1
Nd7 15. a3 Na6 16. Nb5 Rc4 17. Nd2 Rcc8 18. Nxa7 Ra8 19. Nc6 Re8 20. Nb3 Nac5
21. Nxc5 Nxc5 22. f3 Na4 23. Be5 Bf8 24. Rf2 Nc5 25. Rc2 Nd7 26. Bc3 Rac8 27.
Bb4 Ra8 28. g3 Kg7 29. f4 Kg8 30. h3 Nf6 31. e5 Nd7 32. Rc3 Kg7 33. Nd4 Nb8 34.
Nb5 Na6 35. Nc7 Nxc7 36. Rxc7 Rac8 37. Rxc8 Rxc8 38. d6 Rd8 39. dxe7 Bxe7 40.
Rxd8 Bxd8 41. Bd6 h5 42. Kc2 Kh6 43. Kd3 1-0

[Event "Aktiv-Alliancen 2000"]
[Site "Taastrup"]
[Date "2000.01.28"]
[Round "4"]
[White "Moller, Arne Vagn"]
[Black "Christoffersen, Eskild"]
[Result "1-0"]
[WhiteElo "1805"]
[BlackElo "1508"]
[PlyCount "43"]
[EventDate "2000.??.??"]


1. e4 c6 2. d4 d5 3. Nc3 dxe4 4. Nxe4 Bf5 5. Ng3 Bg6 6. c3 Nf6 7. Bd3 Bxd3 8.
Qxd3 e6 9. Nf3 Qc7 10. O-O Nbd7 11. a4 a5 12. Re1 Be7 13. Ne4 Nxe4 14. Rxe4 Nf6
15. Bf4 Bd6 16. Bxd6 Qxd6 17. Rh4 O-O 18. Rd1 Qd5 19. Ne5 b5 20. Ng4 Nh5 21.
Qh3 g6 22. Rxh5 1-0

[Event "Aktiv-Alliancen 2000"]
[Site "Taastrup"]
[Date "2000.01.28"]
[Round "4"]
[White "Foslund, Kasper"]
[Black "Kaaber Hansen, Jacob"]
[Result "1-0"]
[WhiteElo "1178"]
[BlackElo "1703"]
[PlyCount "161"]
[EventDate "2000.??.??"]


1. e4 e5 2. Nf3 Nf6 3. d3 Nc6 4. Be3 d5 5. Nbd2 Be7 6. exd5 Nxd5 7. c3 O-O 8.
Nc4 Bf6 9. Be2 b5 10. Na3 Nxe3 11. fxe3 a6 12. O-O Bb7 13. Ne1 Ne7 14. Nac2 c5
15. Bf3 Nc6 16. e4 Qe7 17. Qe2 Bg5 18. Bg4 Rad8 19. Rd1 Rd6 20. Ne3 Bxe3+ 21.
Qxe3 c4 22. dxc4 Rxd1 23. Bxd1 bxc4 24. Nc2 Rc8 25. Be2 Na5 26. Rd1 Kf8 27. Nb4
Qc5 28. Kf2 Bxe4 29. Qxc5+ Rxc5 30. Nxa6 Rc6 31. Nb8 Rh6 32. Nd7+ Ke8 33. h3
Re6 34. Bf3 Bd3 35. Nc5 Rf6 36. Kg1 Rf4 37. Ba8 e4 38. Re1 Kd8 39. Nxe4 Kc7 40.
Nf2 Bg6 41. Re5 Nc6 42. Rc5 Rf6 43. Rxc4 Kb6 44. Rxc6+ Rxc6 45. Bxc6 Kxc6 46.
Kf1 Kc5 47. Ke2 Kc4 48. Kd2 Bb1 49. a3 Kb3 50. Kc1 Bf5 51. Nd1 Be6 52. Ne3 f5
53. Nc2 Bd5 54. Nd4+ Ka4 55. g3 Be4 56. c4 g5 57. c5 f4 58. gxf4 gxf4 59. Kd2
Ka5 60. b4+ Ka4 61. b5 Ka5 62. Ke2 h5 63. h4 Bd5 64. c6 Kb6 65. a4 Be4 66. Ne6
f3+ 67. Ke3 Bd5 68. Ng5 Ka5 69. Nxf3 Kxa4 70. Nd4 Ka5 71. Kf4 Kb6 72. Ke5 Bc4
73. Kd6 Bf1 74. Kd7 Bh3+ 75. Ne6 Bf1 76. Nd4 Bh3+ 77. Kd8 Bg4 78. c7 Kb7 79.
Nc6 Kb6 80. Ne5 Bf5 81. Nd7+ 1-0

[Event "Aktiv-Alliancen 2000"]
[Site "Taastrup"]
[Date "2000.01.28"]
[Round "4"]
[White "Andersen, Nick Brix"]
[Black "Thogersen, Kim"]
[Result "1/2-1/2"]
[WhiteElo "1450"]
[BlackElo "1636"]
[PlyCount "65"]
[EventDate "2000.??.??"]


1. d4 Nf6 2. c4 g6 3. Nc3 Bg7 4. e4 d6 5. Nf3 O-O 6. Be2 c5 7. d5 e6 8. O-O
exd5 9. exd5 a6 10. Bg5 Re8 11. Re1 Nbd7 12. Qd2 b5 13. cxb5 Qb6 14. bxa6 Bxa6
15. Bxa6 Qxa6 16. Bh6 Bh8 17. Bf4 Ng4 18. Ng5 Nge5 19. Nge4 Nd3 20. Rf1 Nxf4
21. Qxf4 Be5 22. Qd2 Rab8 23. Rab1 Rb4 24. b3 Reb8 25. Qc2 Nb6 26. Kh1 c4 27.
f4 cxb3 28. axb3 Bd4 29. Nxd6 Bxc3 30. Qxc3 Nxd5 31. Qe5 Rxb3 32. Qxd5 Rxb1 33.
Qxf7+ 1/2-1/2

[Event "Aktiv-Alliancen 2000"]
[Site "Taastrup"]
[Date "2000.01.28"]
[Round "4"]
[White "Jorgensen, Morten"]
[Black "Pedersen, Bent O"]
[Result "1/2-1/2"]
[WhiteElo "1117"]
[BlackElo "1751"]
[PlyCount "33"]
[EventDate "2000.??.??"]


1. e4 c5 2. Nf3 Nf6 3. Nc3 Nc6 4. d4 d5 5. exd5 Nxd5 6. dxc5 Nxc3 7. Qxd8+ Nxd8
8. bxc3 Nc6 9. Nd4 a6 10. Bc4 e5 11. Nb3 Be7 12. Be3 O-O 13. O-O Bf5 14. Rad1
Rad8 15. Bd5 Bd7 16. Rd2 Kh8 17. Rb1 1/2-1/2

[Event "Aktiv-Alliancen 2000"]
[Site "Taastrup"]
[Date "2000.01.28"]
[Round "4"]
[White "Adamsen, Kim Rud"]
[Black "Nielsen, Dagh"]
[Result "0-1"]
[WhiteElo "1386"]
[BlackElo "1744"]
[PlyCount "82"]
[EventDate "2000.??.??"]


1. e4 c5 2. Nc3 e6 3. f4 a6 4. g3 b5 5. e5 Bb7 6. Nf3 d5 7. d4 Ne7 8. dxc5 d4
9. Nb1 Nf5 10. b4 Nc6 11. Ba3 Nce7 12. Bd3 Qd5 13. Nbd2 Qd7 14. Bxf5 Nxf5 15.
Qe2 a5 16. Nb3 axb4 17. Bxb4 Bd5 18. O-O Bc4 19. Qe4 Ra4 20. c6 Qc7 21. Bxf8
Kxf8 22. Rfd1 Bd5 23. Qd3 Qxc6 24. Nfxd4 Nxd4 25. Nxd4 Qc4 26. Nxb5 Qc5+ 27.
Nd4 Bc4 28. Qc3 Ra3 29. Qb2 g6 30. c3 Ra4 31. h4 Kg7 32. Kh2 Rha8 33. Nb3 Qa7
34. Rd2 Qe3 35. Rd4 Bxb3 36. Rxa4 Bxa4 37. c4 Rd8 38. Qb4 Rd2+ 39. Kh3 Bc6 40.
Qb3 Rd3 41. Qc2 Qxg3# 0-1

[Event "Aktiv-Alliancen 2000"]
[Site "Taastrup"]
[Date "2000.01.28"]
[Round "4"]
[White "Madhy, Nezar"]
[Black "Hau, Helge"]
[Result "1/2-1/2"]
[WhiteElo "1666"]
[BlackElo "1463"]
[PlyCount "117"]
[EventDate "2000.??.??"]


1. d4 f5 2. e4 d6 3. Nc3 g6 4. Bd3 e6 5. exf5 exf5 6. Qf3 c6 7. Nh3 Nf6 8. O-O
Be7 9. Bh6 Ng4 10. Qf4 Nxh6 11. Qxh6 Kf7 12. Rae1 Bf6 13. Ne2 Qf8 14. Qf4 Be6
15. Ng5+ Bxg5 16. Qxg5 h6 17. Qh4 Qd8 18. Qh3 Qg5 19. Ng3 Nd7 20. f4 Qf6 21. c3
Nb6 22. a3 Nc4 23. Rf2 d5 24. Nf1 b5 25. Ne3 Nd6 26. Rfe2 Rae8 27. g4 h5 28.
gxf5 Bxf5 29. Nxf5 gxf5 30. Rxe8 Qg6+ 31. Kf2 Rxe8 32. Rg1 Qh7 33. Rg5 Ne4+ 34.
Bxe4 fxe4 35. Ke3 Re6 36. Rxh5 Qg6 37. Rg5 Qh6 38. Qf5+ Ke7 39. Rh5 Qf6 40.
Rh7+ Kd6 41. Qxf6 Rxf6 42. Rg7 Rh6 43. Rg2 Rh3+ 44. Ke2 Ke6 45. Rg6+ Kf5 46.
Rxc6 Rxh2+ 47. Ke3 Rxb2 48. Rc5 Ke6 49. f5+ Kxf5 50. Rxd5+ Ke6 51. Re5+ Kd6 52.
Rxe4 Rb3 53. Kd2 Rxa3 54. Re5 a6 55. Kc2 Ra4 56. Rh5 Kc6 57. Rh6+ Kd5 58. Rh5+
Kd6 59. Rh6+ 1/2-1/2

[Event "Aktiv-Alliancen 2000"]
[Site "Taastrup"]
[Date "2000.01.28"]
[Round "4"]
[White "Korolev, Nikolaj"]
[Black "Engel, Christian"]
[Result "1-0"]
[WhiteElo "1600"]
[BlackElo "1445"]
[PlyCount "101"]
[EventDate "2000.??.??"]


1. e4 d5 2. exd5 Qxd5 3. Nc3 Qa5 4. d4 Nf6 5. Bc4 Bf5 6. Nf3 c6 7. O-O e6 8.
Re1 Be7 9. Ne2 O-O 10. Ng3 Bg4 11. c3 Nbd7 12. h3 Bxf3 13. Qxf3 Bd6 14. Bd3 Qd5
15. Ne4 Be7 16. Nxf6+ Nxf6 17. Qxd5 cxd5 18. Bg5 Bd8 19. f4 Nh5 20. Bxd8 Raxd8
21. f5 Rd6 22. Re3 Nf4 23. Bc2 exf5 24. Bxf5 g6 25. Bc2 Re6 26. Rae1 Rfe8 27.
Rxe6 Rxe6 28. Rxe6 fxe6 29. Kf2 Kf7 30. Kf3 Nh5 31. g4 Ng7 32. Kf4 Ne8 33. Ke5
Ke7 34. g5 Ng7 35. Bd3 Nh5 36. Be2 Ng7 37. Bg4 Nf5 38. Bxf5 gxf5 39. h4 Kf7 40.
h5 Kg7 41. a4 a5 42. b3 Kf7 43. c4 dxc4 44. bxc4 Ke7 45. d5 b6 46. d6+ Kd7 47.
g6 hxg6 48. hxg6 f4 49. g7 f3 50. g8=Q f2 51. Qxe6+ 1-0

[Event "Aktiv-Alliancen 2000"]
[Site "Taastrup"]
[Date "2000.01.28"]
[Round "4"]
[White "Dencker, Martin"]
[Black "Foslund, Peter"]
[Result "1/2-1/2"]
[WhiteElo "1355"]
[BlackElo "1576"]
[PlyCount "102"]
[EventDate "2000.??.??"]


1. e4 c5 2. Nf3 Nc6 3. d4 cxd4 4. Nxd4 d6 5. Nc3 Bd7 6. Be3 Nf6 7. f3 g6 8. Bb5
Bg7 9. Qd2 h5 10. h3 a6 11. Be2 b5 12. Nxc6 Bxc6 13. Rd1 Rc8 14. Qc1 Qc7 15.
Rd2 Qb7 16. Kf2 b4 17. Nb1 Bb5 18. Qd1 Bxe2 19. Qxe2 Nd7 20. Bd4 Bxd4+ 21. Rxd4
Qb6 22. Qe3 Rxc2+ 23. Nd2 O-O 24. g4 e5 25. Rd3 Qxe3+ 26. Kxe3 hxg4 27. hxg4
Rc6 28. Nb3 Nc5 29. Rd2 Nxb3 30. Rdh2 f6 31. axb3 Kf7 32. Rh7+ Ke6 33. Rg7 d5
34. exd5+ Kxd5 35. Rd1+ Ke6 36. Rdd7 g5 37. Rd3 Rf7 38. Rg8 Rcc7 39. Rgd8 Rcd7
40. R8xd7 Rxd7 41. Rxd7 Kxd7 42. Kd3 Ke7 43. Kc4 Kd6 44. Kxb4 f5 45. Kc4 fxg4
46. fxg4 e4 47. Kd4 e3 48. Kxe3 Kd5 49. b4 Ke5 50. b3 Kd5 51. Kd3 Ke5 1/2-1/2

[Event "Aktiv-Alliancen 2000"]
[Site "Taastrup"]
[Date "2000.01.28"]
[Round "4"]
[White "Theander, Stig"]
[Black "Traerup, Jorgen"]
[Result "1-0"]
[WhiteElo "1546"]
[BlackElo "1189"]
[PlyCount "47"]
[EventDate "2000.??.??"]


1. e4 c5 2. b4 e6 3. bxc5 Bxc5 4. d4 Qa5+ 5. Bd2 Bb4 6. Bxb4 Qxb4+ 7. Qd2 Nc6
8. Qxb4 Nxb4 9. Na3 Ne7 10. c3 Nbc6 11. Nb5 O-O 12. Nd6 a6 13. Bd3 b5 14. Nf3
h6 15. Rb1 Nd8 16. c4 bxc4 17. Bxc4 a5 18. O-O Ba6 19. Rfc1 Bxc4 20. Rxc4 Nec6
21. a3 f6 22. Kf1 Nf7 23. e5 fxe5 24. Nxf7 1-0

[Event "Aktiv-Alliancen 2000"]
[Site "Taastrup"]
[Date "2000.01.28"]
[Round "4"]
[White "Radovic, Slobodan"]
[Black "Lauritsen, Martin Lee"]
[Result "0-1"]
[WhiteElo "1483"]
[BlackElo "1100"]
[PlyCount "66"]
[EventDate "2000.??.??"]


1. d4 Nf6 2. c4 e6 3. Nf3 Bb4+ 4. Bd2 Bxd2+ 5. Nbxd2 O-O 6. e4 d5 7. e5 Nfd7 8.
Rc1 b6 9. g3 Bb7 10. Bg2 c5 11. O-O cxd4 12. Re1 Nc6 13. cxd5 exd5 14. e6 fxe6
15. Rxe6 Nc5 16. Rxc6 Bxc6 17. b4 Ba4 18. Nb3 Ne6 19. Nfxd4 Nxd4 20. Qxd4 Rc8
21. Bxd5+ Kh8 22. Rxc8 Qxc8 23. Bc4 Rd8 24. Qf4 Rd1+ 25. Kg2 Bc6+ 26. f3 h6 27.
Nd4 Bb7 28. Be6 Qe8 29. Bc4 Qd8 30. Ne2 Rd2 31. b5 Rc2 32. Kh3 Qc8+ 33. g4 Rxc4
0-1

[Event "Aktiv-Alliancen 2000"]
[Site "Taastrup"]
[Date "2000.01.28"]
[Round "4"]
[White "Madsen, Ole Bang"]
[Black "Christiansen, Erling Molbaek"]
[Result "0-1"]
[WhiteElo "1404"]
[BlackElo "1805"]
[PlyCount "88"]
[EventDate "2000.??.??"]


1. e4 e5 2. Nf3 Nc6 3. Bb5 Nd4 4. Ba4 Nxf3+ 5. Qxf3 Bc5 6. d3 c6 7. Bb3 Qe7 8.
Nc3 h6 9. O-O Nf6 10. Be3 b5 11. Bxc5 Qxc5 12. Rad1 O-O 13. Ne2 Qe7 14. Ng3 g6
15. h3 Kg7 16. a3 d6 17. c4 a6 18. Rc1 c5 19. Rfe1 Rb8 20. Rc2 Be6 21. Nf1 Qd7
22. Ba2 b4 23. axb4 Rxb4 24. Ne3 a5 25. b3 Nh7 26. g4 h5 27. Qg3 hxg4 28. Nxg4
f5 29. exf5 Rxf5 30. Re4 Ng5 31. Re3 Rb8 32. h4 Nh7 33. f3 Rbf8 34. Rg2 Qf7 35.
Nh2 Nf6 36. Bb1 Nh5 37. Qf2 Nf4 38. Rg3 Rh5 39. d4 exd4 40. Re1 Nh3+ 41. Rxh3
Bxh3 42. Be4 Qf4 43. Kh1 Rxh4 44. Rg1 Bf5 0-1

[Event "Aktiv-Alliancen 2000"]
[Site "Taastrup"]
[Date "2000.01.28"]
[Round "4"]
[White "Helleberg, Jorgen"]
[Black "Pedersen, Andre"]
[Result "1/2-1/2"]
[WhiteElo "1270"]
[BlackElo "1150"]
[PlyCount "70"]
[EventDate "2000.??.??"]


1. d4 Nf6 2. Nf3 g6 3. Bg5 Bg7 4. Nbd2 d5 5. e3 Bg4 6. h3 Bf5 7. Bb5+ c6 8. Be2
O-O 9. O-O Qd6 10. Bf4 Qd8 11. Ne5 Nbd7 12. Ndf3 Ne4 13. Nxd7 Qxd7 14. c3 e6
15. g4 e5 16. Nxe5 Bxe5 17. Bh6 Bg7 18. Bxg7 Kxg7 19. gxf5 Qxf5 20. Kh2 Rad8
21. Bg4 Qg5 22. Qe2 Qh4 23. Bf3 Ng5 24. Bg2 f5 25. f4 Nf7 26. Qf2 Qxf2 27. Rxf2
Nd6 28. b3 Rde8 29. Re2 b5 30. a3 Ne4 31. Bxe4 Rxe4 32. Kg3 Rfe8 33. Kf3 a6 34.
h4 R4e6 35. Rg1 Kh6 1/2-1/2

[Event "Aktiv-Alliancen 2000"]
[Site "Taastrup"]
[Date "2000.01.28"]
[Round "4"]
[White "Jensen, Alexander Lindberg"]
[Black "Jacobsen, Jesper Howalt"]
[Result "1/2-1/2"]
[WhiteElo "1257"]
[BlackElo "1000"]
[PlyCount "110"]
[EventDate "2000.??.??"]


1. e4 c5 2. Nf3 d6 3. Bc4 e6 4. Nc3 Nf6 5. d3 Be7 6. Bg5 a6 7. a3 b5 8. Ba2 Bb7
9. O-O O-O 10. Qd2 Nc6 11. Ne2 Qc7 12. c3 Rfd8 13. d4 Nxe4 14. Qe3 Nf6 15. Rfd1
Na5 16. Bf4 Ng4 17. Qd2 c4 18. h3 Nf6 19. Bg5 Bxf3 20. Bxf6 Bxe2 21. Bxe7 Qxe7
22. Qxe2 e5 23. Re1 f6 24. Bb1 Re8 25. Qe4 g6 26. Qe3 Ra7 27. Bc2 exd4 28. Qd2
Qd7 29. Qxd4 Rxe1+ 30. Rxe1 Kg7 31. Bd1 Nc6 32. Qd5 Ne5 33. b3 cxb3 34. Bxb3
Rc7 35. Re4 Qd8 36. f4 Nf7 37. g4 Re7 38. h4 Qd7 39. Kf2 Rxe4 40. Qxe4 Qxg4 41.
Qf3 Qxf3+ 42. Kxf3 f5 43. Bd5 Nd8 44. c4 bxc4 45. Bxc4 a5 46. Ba6 Kf6 47. Bc8
Nc6 48. Ke3 Ne7 49. Bd7 Ng8 50. Kd4 Ke7 51. Bc8 Kd8 52. Bb7 Kc7 53. Ba6 Nf6 54.
a4 Kb6 55. Bb5 Kc7 1/2-1/2

[Event "Aktiv-Alliancen 2000"]
[Site "Taastrup"]
[Date "2000.01.29"]
[Round "5"]
[White "Danielsen, Heini"]
[Black "Petersen, Steen Brustrup"]
[Result "1-0"]
[WhiteElo "2135"]
[BlackElo "2174"]
[PlyCount "71"]
[EventDate "2000.??.??"]


1. e4 e5 2. Nf3 Nc6 3. Bb5 a6 4. Bxc6 dxc6 5. O-O Bg4 6. h3 h5 7. d3 Qf6 8.
Nbd2 Bd6 9. Re1 Ne7 10. d4 Bxf3 11. Nxf3 Ng6 12. Qe2 Qe7 13. c3 O-O-O 14. a4 c5
15. dxc5 Bxc5 16. b4 Ba7 17. a5 Qd7 18. Qc4 f6 19. Rb1 Qd3 20. Qb3 Qd7 21. c4
Qe6 22. Qc2 Nf4 23. Bxf4 exf4 24. b5 Bc5 25. e5 Rhe8 26. exf6 Qxf6 27. Rxe8
Rxe8 28. bxa6 bxa6 29. Qb3 Re6 30. Qb7+ Kd7 31. Qd5+ Bd6 32. c5 Qg6 33. Rd1 Qc2
34. cxd6 c6 35. Qd4 c5 36. Qxg7+ 1-0

[Event "Aktiv-Alliancen 2000"]
[Site "Taastrup"]
[Date "2000.01.29"]
[Round "5"]
[White "Nohr, Finn"]
[Black "Nolsoe, Eydun"]
[Result "1-0"]
[WhiteElo "2116"]
[BlackElo "2184"]
[PlyCount "95"]
[EventDate "2000.??.??"]


1. e4 c5 2. c3 d5 3. exd5 Qxd5 4. d4 Nf6 5. Nf3 Bg4 6. Be2 e6 7. O-O Nc6 8. Be3
cxd4 9. cxd4 Be7 10. h3 Bh5 11. Nc3 Qd6 12. a3 a6 13. Qb3 O-O 14. Rfd1 Rfd8 15.
Rac1 b5 16. d5 Na5 17. Qa2 exd5 18. Bg5 Rac8 19. Bxf6 Bxf6 20. Rxd5 Rxc3 21.
Rcd1 Qxd5 22. Rxd5 Rc1+ 23. Kh2 Re8 24. Bxb5 Rb8 25. Rxh5 axb5 26. Ne5 Nc4 27.
Nd7 Rb7 28. Nxf6+ gxf6 29. b3 Ne5 30. f4 Ng6 31. Qd2 Rbc7 32. Rxb5 R7c2 33.
Qd8+ Kg7 34. Rb8 Nxf4 35. Qh8+ Kg6 36. Qg8+ Kh6 37. Qf8+ Kg6 38. Qg8+ Kh6 39.
Qf8+ Kg6 40. Kg3 Rxg2+ 41. Kxf4 Rf1+ 42. Ke4 Re2+ 43. Kd4 Rd1+ 44. Kc5 Rc2+ 45.
Kb4 Rd4+ 46. Kb5 Rc7 47. Qg8+ Kh6 48. Qg3 1-0

[Event "Aktiv-Alliancen 2000"]
[Site "Taastrup"]
[Date "2000.01.29"]
[Round "5"]
[White "Pallesen, Jacob"]
[Black "Nielsen, Borge Hjerrild"]
[Result "1/2-1/2"]
[WhiteElo "2075"]
[BlackElo "2135"]
[PlyCount "110"]
[EventDate "2000.??.??"]


1. c4 e6 2. Nc3 d5 3. d4 Nf6 4. Bg5 Be7 5. e3 O-O 6. cxd5 exd5 7. Bd3 c6 8. Qc2
Nbd7 9. Nge2 Re8 10. O-O Nf8 11. f3 g6 12. h3 Ne6 13. Bh4 b6 14. Rad1 Bb7 15.
f4 Nh5 16. Bf2 f5 17. Kh1 Nf6 18. Ng1 Ne4 19. Nf3 Bf6 20. Ne5 Qe7 21. Nxe4 fxe4
22. Be2 c5 23. Be1 Rf8 24. Bc3 cxd4 25. Bxd4 Rfc8 26. Qa4 Nc5 27. Qa3 Rc7 28.
Rc1 Bg7 29. Rc3 Ne6 30. Qxe7 Rxe7 31. Rfc1 Nxd4 32. exd4 Bxe5 33. fxe5 Rf8 34.
Kg1 h5 35. Bb5 Kg7 36. Bc6 Bxc6 37. Rxc6 e3 38. R6c3 Rf4 39. Rd3 Rf2 40. Rxe3
Rd2 41. Rec3 Rxd4 42. Rc7 Kf7 43. Rxe7+ Kxe7 44. Rc7+ Ke6 45. Rxa7 Rd1+ 46. Kf2
Rd2+ 47. Kf3 Rxb2 48. Rg7 Kf5 49. e6 Kxe6 50. Rxg6+ Kf5 51. Rh6 Kg5 52. Rd6 Rb5
53. a4 Ra5 54. Rxb6 Rxa4 55. Rb5 Rd4 1/2-1/2

[Event "Aktiv-Alliancen 2000"]
[Site "Taastrup"]
[Date "2000.01.29"]
[Round "5"]
[White "Bjorntoft, Peter"]
[Black "Nielsen, Jan Mose"]
[Result "1-0"]
[WhiteElo "2227"]
[BlackElo "2040"]
[PlyCount "51"]
[EventDate "2000.??.??"]


1. d4 Nf6 2. c4 c5 3. d5 b5 4. cxb5 a6 5. bxa6 Bxa6 6. Nc3 d6 7. e4 Bxf1 8.
Kxf1 g6 9. g4 Bg7 10. Kg2 O-O 11. g5 Nfd7 12. h4 f5 13. Nge2 Qa5 14. h5 fxe4
15. hxg6 hxg6 16. Nf4 Ne5 17. Ne6 Rf3 18. Qe2 Qb4 19. Rh4 Rxc3 20. bxc3 Qxc3
21. Rb1 Nbd7 22. Qxe4 Rxa2 23. Be3 Qd3 24. Rb7 Qxe4+ 25. Rxe4 Ra3 26. Nxg7 1-0

[Event "Aktiv-Alliancen 2000"]
[Site "Taastrup"]
[Date "2000.01.29"]
[Round "5"]
[White "Schmidt, Horst Hubert"]
[Black "Christensen, Bo Garner"]
[Result "0-1"]
[WhiteElo "1718"]
[BlackElo "2204"]
[PlyCount "108"]
[EventDate "2000.??.??"]


1. d4 Nf6 2. Nf3 g6 3. c4 Bg7 4. Nc3 O-O 5. e4 d6 6. Be2 e5 7. dxe5 dxe5 8. Bg5
Nbd7 9. Qd2 c6 10. h4 h5 11. O-O-O Qa5 12. Bh6 Bxh6 13. Qxh6 Ng4 14. Qg5 Nc5
15. Rd6 Be6 16. Nd2 Qc7 17. Bxg4 Qxd6 18. Bxh5 Nd3+ 19. Kc2 Nb4+ 20. Kc1 Rfd8
21. Bxg6 fxg6 22. Qxg6+ Kf8 23. Qh6+ Ke8 24. a3 Nd3+ 25. Kc2 Nxb2 26. Rb1 Qxd2+
27. Qxd2 Rxd2+ 28. Kxd2 Nxc4+ 29. Ke2 b5 30. a4 a6 31. h5 Rd8 32. h6 Rd2+ 33.
Ke1 Kf7 34. axb5 axb5 35. Nxb5 cxb5 36. Rxb5 Rd7 37. Rc5 Kf6 38. g3 Rh7 39. f4
Rxh6 40. f5 Bf7 41. Rc6+ Kg5 42. Rc7 Rh7 43. Kf2 Kg4 44. Re7 Nd2 45. Ke3 Nf3
46. Rc7 Kxg3 47. Rb7 Ng5 48. Re7 Bc4 49. Rxe5 Rd7 50. Rc5 Rd3+ 51. Ke2 Rc3+ 52.
Ke1 Nxe4 53. Rxc4 Rxc4 54. Ke2 Rc3 0-1

[Event "Aktiv-Alliancen 2000"]
[Site "Taastrup"]
[Date "2000.01.29"]
[Round "5"]
[White "Jorgensen, Brian"]
[Black "Simonsen, Per Barndorff"]
[Result "0-1"]
[WhiteElo "2198"]
[BlackElo "1901"]
[PlyCount "133"]
[EventDate "2000.??.??"]


1. d4 Nf6 2. c4 e6 3. Nc3 c5 4. e3 a6 5. Nf3 d5 6. a3 dxc4 7. Bxc4 b5 8. Bd3
Bb7 9. O-O Nc6 10. dxc5 Bxc5 11. Qc2 Bb6 12. Rd1 Qc7 13. Bd2 Ne5 14. Nxe5 Qxe5
15. Ne2 Rc8 16. Bc3 Qg5 17. Ng3 Qh4 18. Bxf6 gxf6 19. Qe2 Rc5 20. Rac1 Re5 21.
Qd2 O-O 22. Qb4 Qh6 23. Qf4 Qg7 24. Be4 Bxe4 25. Nxe4 f5 26. Ng3 Rc5 27. Rxc5
Bxc5 28. b4 Be7 29. h4 Qg4 30. Qxg4+ fxg4 31. h5 Rd8 32. Rc1 Kg7 33. Ne4 f5 34.
Nc5 Rd6 35. g3 Kh6 36. Nb7 Rd7 37. Na5 Rd6 38. Kg2 Kxh5 39. Rc7 Bd8 40. Rxh7+
Kg6 41. Nb7 Rd3 42. Rh1 Be7 43. Ra1 Kf6 44. Na5 Rc3 45. Ra2 Ke5 46. Kf1 Bd8 47.
Nb7 Bb6 48. Rd2 Rxa3 49. Rd6 Ba7 50. Rc6 Bb8 51. Nd8 Kd5 52. Rc5+ Kd6 53. Nc6
Bc7 54. Nd4 Kd7 55. Nxe6 Bd6 56. Rxf5 Kxe6 57. Rg5 Bxb4 58. Rxg4 Ra4 59. Ke2
Bd6 60. Rg6+ Kd7 61. f4 b4 62. e4 b3 63. Kd3 Rb4 64. e5 Be7 65. f5 b2 66. e6+
Kd6 67. f6 0-1

[Event "Aktiv-Alliancen 2000"]
[Site "Taastrup"]
[Date "2000.01.29"]
[Round "5"]
[White "Nielsen, Michael"]
[Black "Jensen, Soren G"]
[Result "0-1"]
[WhiteElo "1719"]
[BlackElo "2161"]
[PlyCount "38"]
[EventDate "2000.??.??"]


1. e4 e6 2. d4 d5 3. Nc3 Nf6 4. Bg5 Bb4 5. e5 h6 6. Bd2 Bxc3 7. bxc3 Ne4 8. Qg4
g6 9. Bd3 Nxd2 10. Kxd2 c5 11. h4 Nc6 12. h5 g5 13. Bb5 cxd4 14. Bxc6+ bxc6 15.
cxd4 Qa5+ 16. c3 Rb8 17. Ne2 Rb2+ 18. Kd1 Ba6 19. Re1 Qa4+ 0-1

[Event "Aktiv-Alliancen 2000"]
[Site "Taastrup"]
[Date "2000.01.29"]
[Round "5"]
[White "Foslund, Kasper"]
[Black "Hansen, Rasmus Agertoft"]
[Result "1-0"]
[WhiteElo "1178"]
[BlackElo "1936"]
[PlyCount "196"]
[EventDate "2000.??.??"]


1. e4 e6 2. d4 d5 3. exd5 Qxd5 4. Nf3 Nf6 5. c4 Qd8 6. Nc3 Be7 7. Bd3 b6 8. Bf4
Bb7 9. Be3 Nbd7 10. O-O O-O 11. Ne5 c5 12. f4 cxd4 13. Bxd4 Bc5 14. Bxc5 Nxc5
15. Be2 Qe7 16. Qc2 Ncd7 17. Nxd7 Nxd7 18. Kh1 Rfd8 19. Bf3 Nf6 20. Bxb7 Qxb7
21. h3 h6 22. Rf3 Rac8 23. b3 Rc7 24. Rd1 Rxd1+ 25. Qxd1 Rd7 26. Rd3 Rxd3 27.
Qxd3 Nh5 28. Ne2 Qc7 29. Qf3 Nf6 30. Kh2 Qd7 31. Ng1 Kh7 32. Qe2 Qd4 33. g3 Kg8
34. Nf3 Qe4 35. Qxe4 Nxe4 36. Nd4 Nc3 37. a3 Nb1 38. Nc2 Kf8 39. Kg2 Ke7 40.
Kf2 Kd6 41. b4 Nd2 42. Ne3 a5 43. Ke2 Ne4 44. Kf3 Nc3 45. g4 Nb1 46. bxa5 bxa5
47. Nc2 Nd2+ 48. Ke3 Nxc4+ 49. Kd4 Nb6 50. Na1 f6 51. a4 e5+ 52. fxe5+ fxe5+
53. Ke3 Kd5 54. Nb3 Nc4+ 55. Ke2 g5 56. Kf3 e4+ 57. Kf2 Ke5 58. Kg3 e3 59. Kf3
Kd5 60. Nxa5 Nxa5 61. Kxe3 Nb7 62. Kf3 Kd4 63. Kg3 Ke3 64. Kg2 Kf4 65. Kf2 Na5
66. Kg2 Ke3 67. Kg3 Ke2 68. Kg2 Nc4 69. Kg3 Kd3 70. Kf2 Ne5 71. a5 Nc4 72. a6
Nb6 73. a7 Na8 74. Kf3 Kd4 75. Kf2 Kd3 76. Kf3 Nc7 77. Kg2 Ke3 78. Kg3 Ke4 79.
Kf2 Kd5 80. Ke3 Na8 81. Kf3 Ke5 82. Ke3 Kd5 83. Kd3 Kc5 84. Ke4 Kd6 85. Kf5 Ke7
86. Kg6 Ke6 87. Kxh6 Kf6 88. Kh5 Nb6 89. h4 gxh4 90. Kxh4 Kg6 91. Kh3 Kg5 92.
Kg3 Kg6 93. Kf4 Kf6 94. Ke4 Ke6 95. g5 Na8 96. Kd4 Kf5 97. Kc5 Kxg5 98. Kc6 Kf6
1-0

[Event "Aktiv-Alliancen 2000"]
[Site "Taastrup"]
[Date "2000.01.29"]
[Round "5"]
[White "Auchenberg, Per"]
[Black "Korolev, Nikolaj"]
[Result "1-0"]
[WhiteElo "2017"]
[BlackElo "1600"]
[PlyCount "83"]
[EventDate "2000.??.??"]


1. f4 c5 2. b3 e6 3. Bb2 Nf6 4. Nf3 d5 5. e3 a6 6. Be2 Nbd7 7. O-O Be7 8. Ne5
Qc7 9. c4 b6 10. cxd5 exd5 11. Qc2 Bb7 12. Bf3 Rc8 13. Qf5 Nxe5 14. fxe5 Qd7
15. Qf4 g5 16. Qxg5 Rg8 17. Qf4 Ne4 18. Bxe4 Bg5 19. Bf5 Qe7 20. Qf3 d4 21. Be4
Bxe4 22. Qxe4 dxe3 23. dxe3 f6 24. Nc3 fxe5 25. Nd5 Qg7 26. Qxe5+ Qxe5 27. Bxe5
Rd8 28. Rad1 Rg6 29. e4 Rd7 30. Rf5 h5 31. Rdf1 Rg8 32. Rxg5 Rxg5 33. Nf6+ Ke7
34. Nxd7 Kxd7 35. Bf4 Rg7 36. Rd1+ Kc6 37. Kf2 Rf7 38. Ke3 b5 39. a4 h4 40.
Rd6+ Kb7 41. g3 hxg3 42. hxg3 1-0

[Event "Aktiv-Alliancen 2000"]
[Site "Taastrup"]
[Date "2000.01.29"]
[Round "5"]
[White "Jensen, Dan Bronnum"]
[Black "Tolstrup, Thomas"]
[Result "0-1"]
[WhiteElo "1487"]
[BlackElo "1882"]
[PlyCount "130"]
[EventDate "2000.??.??"]


1. c4 e6 2. Nc3 d5 3. cxd5 exd5 4. d4 Nf6 5. Nf3 c6 6. Bf4 Be7 7. e3 Nbd7 8.
Bd3 Nh5 9. Be5 Nxe5 10. Nxe5 g6 11. O-O O-O 12. Be2 Ng7 13. Bg4 Bd6 14. Bxc8
Rxc8 15. Nf3 Nf5 16. a3 h5 17. e4 dxe4 18. Nxe4 Bb8 19. Qd2 Kg7 20. Rad1 Ne7
21. Rfe1 Nd5 22. b4 Re8 23. Qb2 Bf4 24. Nc5 Rxe1+ 25. Rxe1 Rc7 26. Nd3 Bd6 27.
Nde5 f6 28. Nd3 Re7 29. Rxe7+ Qxe7 30. g3 a5 31. Nc5 b6 32. Nd3 axb4 33. axb4
Nxb4 34. Nde1 g5 35. Qb1 c5 36. dxc5 Bxc5 37. Qb2 Nc6 38. Ng2 Ne5 39. Nfe1 Qb7
40. Qe2 Kh6 41. h3 b5 42. Qc2 Qd5 43. Qf5 Qd6 44. h4 b4 45. hxg5+ fxg5 46. Qc8
Ng6 47. Qf5 Qe5 48. Qc2 Qd4 49. Ne3 Qe5 50. Nd3 Qa1+ 51. Nd1 Bd6 52. Kg2 Qd4
53. Ne3 Qe4+ 54. Kg1 Ne5 55. Nxe5 Qxc2 56. Nxc2 b3 57. Nf7+ Kg6 58. Nd4 b2 59.
Nxd6 b1=Q+ 60. Kh2 Qb6 61. N6b5 Qb7 62. Kg1 Qd5 63. Kf1 h4 64. gxh4 gxh4 65. f3
Qg5 0-1

[Event "Aktiv-Alliancen 2000"]
[Site "Taastrup"]
[Date "2000.01.29"]
[Round "5"]
[White "Orio, Lars"]
[Black "Theander, Stig"]
[Result "1-0"]
[WhiteElo "1784"]
[BlackElo "1546"]
[PlyCount "91"]
[EventDate "2000.??.??"]


1. d4 Nf6 2. Nf3 e6 3. Bf4 Bb4+ 4. c3 Ba5 5. Nbd2 b5 6. e4 Bb7 7. Bd3 Qe7 8.
O-O h6 9. d5 Na6 10. Bxb5 O-O 11. b4 Bb6 12. Qa4 Nb8 13. Rae1 Nh5 14. Be3 Bxe3
15. Rxe3 c6 16. Bc4 Nf4 17. dxc6 Bxc6 18. b5 Bb7 19. Bb3 a6 20. Rfe1 d6 21. Qb4
axb5 22. e5 Nd5 23. exd6 Qe8 24. Bxd5 Bxd5 25. Rb1 Bc6 26. a3 Nd7 27. c4 Ra4
28. Qc3 Bxf3 29. Rxf3 Qb8 30. c5 Nf6 31. Rg3 Kh8 32. Rb4 Nh5 33. Rgg4 Qa8 34.
Rxa4 bxa4 35. c6 Nf6 36. Rg3 Nh5 37. Rf3 Nf6 38. h3 Nd5 39. Qc5 Nf6 40. Qb6 Rb8
41. Qc5 Rc8 42. c7 Qb7 43. Rxf6 gxf6 44. d7 Rg8 45. f3 Qb2 46. d8=Q 1-0